01656nam a2200373 i 4500001000700000003000900007005001700016008004100033015001000074017004900084020001800133035002100151035001300172040003900185080003800224245010100262246007000363260007300433300009300506336002200599337003000621338002400651500007800675610004800753650006400801650005100865651003200916651004900948655004000997710002601037710009801063852003001161852009101191175461ES-MaACL20250902003549.0101028s2009 sp o |||| |dspa d aMON09 aM 2762-2009bOficina Depósito Legal Madrid a9788461290536 a(OCoLC)733611286 aa4530105 aSpMaBNbspacSpMaBNerdcdES-MaACL a913(460.27 M.-21 Las Cortes)(084)00aExposición Concurso Fotográfico : bdel 30 de enero al 22 de febrero 2009, Ateneo de Madrid1 aExposición Concurso Fotográfico 2008 : bBarrio de las Letras aMadrid : bAsociación de Comerciantes Barrio de las Letras, c2009 a[40] páginas, [3] hojas de láminas : bfotos (blanco y negro y color) ; c19 x 19 cm 2rdacontentatexto 2rdamediaasin mediación 2rdacarrieravolumen aRecoge las 33 fotografías de la muestra exhibida en el Ateneo de Madrid24aAteneo de Madrid-vExposiciones-y2001-2009 4aFotografía-zMadrid (Comunidad Autónoma)-vExposiciones 4aFotografía-zEspaña-yS.XXI-vExposiciones 4aLas Cortes (Madrid, Barrio) 4aMadrid (Comunidad Autónoma)-vExposiciones 7aCatálogos de exposiciones2tgfbne2 aAteneo de Madridehis2 aAsociación de Comerciantes, Autónomos y Pequeñas Empresas del Barrio de las Letraseedt aES-MaACLcDEPOFj2283-F-1 aES-MaACLcDEPO2hDonación: Asociación de Comerciantes Barrio de las LetrasjN-8925